Štátny rozpočet a podniková sféra

Bibliographic Details
Main Author: Staněk, Peter, 1948- (Author)
Format: Article
Language:Slovak
ISSN:0013-3035
Subjects:

MARC

LEADER 00000nab a2200000 a 4500
001 vtls000772530
003 SK-MaSNL
005 20260304132548.0
008 250429c2001 xo 0 slo
015 |a SNBRB2001/10-31021 
035 |a CLN000124317 
035 |a urn:nbn:sk:snk-ab6rxf 
035 |a (uuid)d234bef9-ad94-4c8a-800a-61cf05af6376 
035 |a (urnnbn)urn:nbn:sk:snk:ar-a05he2 
035 |a (sysno)vtls000772530 
040 |a SNKBUCL  |b slo  |c SNKBUCL  |e AACR2 
041 0 |a slo 
044 |a xo  |c SK 
080 |a 658.114:336  |2 1997 
080 |a 336.12  |2 1997 
100 1 |a Staněk, Peter,  |d 1948-  |4 aut  |9 86360 
245 1 0 |a Štátny rozpočet a podniková sféra  |c Peter Stanek 
504 |a Res. angl. 
504 |a Bibliogr. odkazy 
650 0 7 |a podnikanie  |x sféra podniková  |x financovanie  |x rozpočet štátny  |2 snkbucl  |9 1447981 
650 0 7 |a podniky  |2 snkbucl  |9 923 
650 0 7 |a finančné toky  |2 snkbucl  |9 29437 
650 0 7 |a štátny rozpočet  |2 snkbucl  |9 2364 
655 7 |a články z novín a časopisov  |2 snkbucl  |9 267496 
773 0 |t Ekonomický časopis  |g Roč. 49, č. 3 (2001), s. 499-515  |x 0013-3035 
850 |a Slovenská národná knižnica 
852 |a Slovenská národná knižnica 
954 |a odborná, vedecká literatúra pôvodná (slovenská)  |2 lita 
958 |a article27 
958 |a NB 
958 |a OND 
958 |a EUIPO 
992 |a RBX 
999 |c 2899166  |d 2901096